|
|
|
|
| LEADER |
00000nam0a2200000 4500 |
| 001 |
174035 |
| 005 |
20231031164556.0 |
| 010 |
|
|
|a 5376000850
|
| 020 |
|
|
|a RU
|b 89-16621
|
| 035 |
|
|
|a (RuTPU)RU\TPU\book\188725
|
| 090 |
|
|
|a 174035
|
| 100 |
|
|
|a 20100115d1989 m a0rusy5003 ca
|
| 101 |
0 |
|
|a rus
|
| 102 |
|
|
|a MD
|
| 105 |
|
|
|a a z 001zy
|
| 200 |
1 |
|
|a Термокинетические явления при высокоскоростных электродных процессах
|f А. И. Дикусар, Г. Р. Энгельгардт, А. Н. Молин
|g Академия наук Молдавской ССР (АН МССР), Институт прикладной физики
|
| 210 |
|
|
|a Кишинев
|c Штиинца
|d 1989
|
| 215 |
|
|
|a 141,[1] с.
|c ил.
|d 22 см
|
| 300 |
|
|
|a Рез.: англ.
|
| 320 |
|
|
|a Библиогр.: с. 125-139. (215 назв.)
|
| 610 |
1 |
|
|a электродные процессы
|
| 610 |
1 |
|
|a металлы
|
| 610 |
1 |
|
|a кинетика
|
| 610 |
1 |
|
|a электрохимическая обработка
|
| 610 |
1 |
|
|a теплоперенос
|
| 610 |
1 |
|
|a кинетика
|
| 610 |
1 |
|
|a электролиз
|
| 675 |
|
|
|a 621.7/.9.047
|z rus
|
| 700 |
|
1 |
|a Дикусар
|b А. И.
|g Александр Иванович
|4 070
|
| 701 |
|
1 |
|a Энгельгардт
|b Г. Р.
|g Георгий Рудольфович
|
| 701 |
|
1 |
|a Молин
|b А. Н.
|g Александр Николаевич
|
| 712 |
0 |
2 |
|a Академия наук Молдавской ССР (АН МССР)
|b Институт прикладной физики
|c (Кишинев)
|2 stltpush
|3 (RuTPU)RU\TPU\col\11347
|
| 801 |
|
0 |
|a RU
|b RuMRKP
|c 19950417
|g psbo
|
| 801 |
|
1 |
|a RU
|b 63413507
|c 20100115
|
| 801 |
|
2 |
|a RU
|b 63413507
|c 20140219
|g RCR
|
| 942 |
|
|
|c BK
|